| 000 | nam a22 a 4500 | ||
|---|---|---|---|
| 999 |
_c103982 _d103982 |
||
| 003 | BLK | ||
| 005 | 20230322163734.0 | ||
| 008 | 180409b bul|||||r ||||||| ||bul|| | ||
| 010 | _aKNG00109078000 | ||
| 020 | _a954-8235-03-Х | ||
| 040 | _aBLK | ||
| 041 |
_aBUL _cBUL |
||
| 080 |
_aФорми на предприятията в зависимост от отношението към собствеността... _b334.72 _x.008(076) _z334.72.008(076) |
||
| 080 |
_aДанъци. Такси. Налози _b336.2 _x.000.34(076) _z336.2.000.34(076) |
||
| 100 | 1 |
_aПетров, Иван _eпърви автор _gИванов, Иван Петров _9364739 |
|
| 139 |
_aПетров, Иван _bП 47 |
||
| 245 | 1 | 0 |
_aЗадочен курс по управление на малкия бизнес _bПрактико-приложно пособие с разяснения, консултантски съвети и примери : В 4 ч. : Ч. 1 - _cИван Петров; авт. на том Милчо Петков Близнаков. _nЧ. 3 _pПриложно ценообразуване ; Основни познания за външно-търговските сделки ; Инвестиционен анализ или как да оценяваме инвестициите |
| 257 | _aBGR | ||
| 260 |
_aВарна _bИКО-КОНСУЛТ _c1992 - _9211710 _n954-8235- |
||
| 300 | _c21 см | ||
| 380 | _a3 | ||
| 650 | 4 |
_aФирми - управление _9243718 |
|
| 653 | _aфирми | ||
| 653 | _aуправление | ||
| 700 | 1 |
_aБлизнаков, Милчо Петков _eавт. на том _9309756 |
|
| 760 | 1 |
_aПетров, Иван _dИко-Консулт, 1993 _h158 с. _tЧ. 3 Приложно ценообразуване ; Основни познания за външно-търговските сделки ; Инвестиционен анализ или как да оценяваме инвестициите |
|
| 852 |
_aЦб 170969 _bЦб |
||
| 856 | 4 |
_qpdf _i0.00 _ldisable |
|
| 856 | 4 |
_qpdf _i0.00 _ldisable |
|
| 942 |
_cKNG _n0 _s1 |
||
| 944 |
_aCR _c20.11.2003 _kЦветанка_Енчева |
||
| 944 |
_aED _c04.12.2003 |
||
| 999 | _d103982 | ||